| 000 | 01102cam a22002174a 4500 | ||
|---|---|---|---|
| 005 | 20250605164251.0 | ||
| 008 | 250528s ||||||||||||||||||||||||d | ||
| 035 | _a21726 | ||
| 020 | _a9789604521074 | ||
| 040 |
_aGR-AtMCL _bgre _dGR-AtMCL _eAACR2 |
||
| 245 | 1 | _aΜΑΘΗΜΑΤΑ ΑΝΑΤΟΜΙΚΗΣ | |
| 250 | _a1 | ||
| 260 |
_bΒητα Ιατρικες Εκδόσεις, _c2006 |
||
| 300 | _a303 | ||
| 505 | 0 | _aΑΝΑΤΟΜΙΑ ΑΝΑΤΟΜΙΚΗ ΠΕΠΤΙΚΟ ΣΥΣΤΗΜΑ ΑΝΑΠΝΕΥΣΤΙΚΟ ΣΥΣΤΗΜΑ ΑΔΕΝΕΣ ΟΡΑΣΗ ΝΕΥΡΙΚΟ ΣΥΣΤΗΜΑ ΓΕΝΝΗΤΙΚΟ ΣΥΣΤΗΜΑ ΟΥΡΟΠΟΙΗΤΙΚΟ ΣΥΣΤΗΜΑ ΚΙΝΗΣΙΟΛΟΓΙΑ ΟΣΤΕΟΛΟΓΙΑ | |
| 520 | _aΑΝΑΤΟΜΙΑ ΑΝΑΤΟΜΙΚΗ ΠΕΠΤΙΚΟ ΣΥΣΤΗΜΑ ΑΝΑΠΝΕΥΣΤΙΚΟ ΣΥΣΤΗΜΑ ΑΔΕΝΕΣ ΟΡΑΣΗ ΝΕΥΡΙΚΟ ΣΥΣΤΗΜΑ ΓΕΝΝΗΤΙΚΟ ΣΥΣΤΗΜΑ ΟΥΡΟΠΟΙΗΤΙΚΟ ΣΥΣΤΗΜΑ ΚΙΝΗΣΙΟΛΟΓΙΑ ΟΣΤΕΟΛΟΓΙΑ | ||
| 700 | 1 |
_aΚαμμας Αντωνης _97649 |
|
| 942 | _cBK | ||
| 999 |
_c6785 _d6785 |
||